header

The role of ecosystems in disaster risk reduction (Record no. 216500)

MARC details
000 -LEADER
fixed length control field 01823nam a2200385 a 4500
082 04 - DEWEY DECIMAL CLASSIFICATION NUMBER
Classification number 363.34/72
245 04 - TITLE STATEMENT
Title The role of ecosystems in disaster risk reduction
260 ## - PUBLICATION, DISTRIBUTION, ETC. (IMPRINT)
Place of publication Shibuya-ku, Tokyo :
Name of publisher United Nations University Press,
Year of publication 2013.
300 ## - PHYSICAL DESCRIPTION
Number of Pages xxxiv, 476 p. :
Other physical details ill., maps.
505 0# - FORMATTED CONTENTS NOTE
Formatted contents note pt. I. Why do ecosystems matter in disaster risk reduction? -- pt. II. Ecosystems and coastal disaster risk reduction -- pt. III. Water resources management for disaster risk reduction -- pt. IV. Sustainable land management for disaster risk reduction -- pt. V. Policy, planning and future perspectives.
650 #0 - SUBJECT ADDED ENTRY--TOPICAL TERM
Topical Term Hazardous geographic environments.
Topical Term Natural disasters
Topical Term Ecosystem management.
Topical Term Emergency management.
Topical Term Ecological disturbances.
700 1# - ADDED ENTRY--PERSONAL NAME
Personal name Renaud, Fabrice G.
Personal name Sudmeier-Rieux, Karen.
Personal name Estrella, Marisol.
856 40 - ELECTRONIC LOCATION AND ACCESS
Uniform Resource Identifier http://site.ebrary.com/lib/rucke/Doc?id=10752386

No items available.

© 2026 Rongo University
Contact us: librarian | system librarian | Rongo university